تحفة الأريب في الرد على أهل الصليب / (رقم التسجيلة. 100098)

تفاصيل مارك
000 -الفاتح
عناصر البيانات ثابتة الطول 00861cam a2200193 i 4500
005 - تاريخ ووقت آخر معاملة
حقل ضبط 20251228114430.0
008 - عناصر البيانات ثابتة الطول
عناصر البيانات ثابتة الطول 250721s2005 ua gr 000 0 ara d
082 14 - رقم تصنيف ديوي العشري
رقم التصنيف 218.6
رقم المادة أ ن د
100 1# - مدخل رئيسي – اسم شخصي
الاسم الشخصي الاندلسي، عبدالله الترجمان
علاقة الشخص بالعمل/ دوره مؤلف.
245 10 - بيان العنوان
العنوان تحفة الأريب في الرد على أهل الصليب /
بيان المسؤولية للقس انسلم تورميدا الشهير بعبد الله الترجمان الأندلسي ؛ تقديم وتحقيق وتعليق د. محمود علي حماية.
250 ## - بيان الطبعة
بيان الطبعة الطبعة الرابعة.
264 31 - بيانات النشر، التوزيع…إلخ
مكان النشر، التوزيع...إلخ الجيزة :
اسم الناشر، الموزع...إلخ مكتبة النافذة،
تاريخ النشر، التوزيع...إلخ 2005.
300 ## - الوصف المادي
عدد الوحدات المكونة للوعاء 148 صفحة.
650 17 - مدخل إضافي بالموضوع - مصطلح موضوعي
مصطلح موضوعي أو اسم جغرافي كعنصر مدخل المناظرات.
650 17 - مدخل إضافي بالموضوع - مصطلح موضوعي
مصطلح موضوعي أو اسم جغرافي كعنصر مدخل دفع المطاعن عن الاسلام.
700 1# - مدخل إضافي - اسم شخصي
الاسم الشخصي حماية، محمود علي
علاقة الشخص بالعمل/ دوره محقق.
942 ## - بيانات إضافية (كوها)
نوع التنصيف Dewey Decimal Classification
نوع المادة (كوها) كتب
المقتنيات
حالة السحب حالة الفقدان مصدر التصنيف حالة التلف غير قابل للإعارة المكتبة الرئيسية المكتبة الحالية موقع الرف تاريخ التزويد الرقم المتسلسل Total Checkouts رقم الإستدعاء الباركود تاريخ آخر ظهور تاريخ الفاتورة نوع المادة (كوها)
    Dewey Decimal Classification     المكتبة المركزية المكتبة المركزية الإعارة 28/07/2025 1024688   218.6 / أ ن د 1024688 28/07/2025 28/07/2025 كتب
    Dewey Decimal Classification   Not For Loan المكتبة المركزية المكتبة المركزية مقتنيات قسم التزويد 28/07/2025 1024689   218.6/أند 1024689 28/07/2025 28/07/2025 كتب
    Dewey Decimal Classification   Not For Loan المكتبة المركزية المكتبة المركزية مقتنيات قسم التزويد 28/07/2025 1024690   218.6/أند 1024690 28/07/2025 28/07/2025 كتب
    Dewey Decimal Classification   Not For Loan المكتبة المركزية المكتبة المركزية مقتنيات قسم التزويد 28/07/2025 1024691   218.6/أند 1024691 28/07/2025 28/07/2025 كتب
Implemented & Customized by: BBB with SCIT (Smart Chains for Information Technology)

Powered by Koha